000 00999nam a2200265 a 4500
001 BRCA_1064
005 20190320203249.0
008 130508s2006----mx-a---###---#000-0#spa-#
020 _a8475067417
041 _aspa
044 _amx
050 4 _aNK2446.P6
_b.D57 2006
100 1 _aPorset, Clara
_d1895-1981
_93389
245 1 0 _aEl diseño de Clara Porset
_binventando un México moderno = Clara Porset´s Desing : Creating a Modern Mexico.
260 _aMéxico
_bMuseo Franz Mayer : Difusión Cultural UNAM
_c2006
300 _a181 p.
_bil. (algunas a color)
_c25 cm.
500 _aExposición realizada en el Museo Franz Mayer (Ciudad de México), 22 febrero - 29 mayo, 2006
504 _aBibliografía: p. 177
546 _aTexto en : español e inglés
600 1 4 _aPorset, Clara
_d1895-1981
_vExposiciones
_93502
650 1 4 _aMuebles diseñados
_zMéxico
_93503
650 1 4 _aDiseñadores
_zMéxico
_93504
740 0 _aClara Porset´s Desing : Creating a Modern Mexico
942 _2lcc
_cB
999 _c943
_d943